B02_鉄道唱歌に登場する地名・史跡(山陽・九州編) - Statistics

General Stats
  • This quiz has been taken 9 times
  • The average score is 62 of 148
Answer Stats
歌詞 地名・史跡名 % Correct
___の里を立ちいづる山陽線路の汽車の道 神戸
86%
阿弥陀は寺の音に聞き___は城の名にひびく 姫路
86%
___の駅から西南 那波
86%
一里はなれて___あり四十七士が仕えたる 浅野内匠の城のあと 赤穂
86%
名に聞く___の 備前
86%
___と天下に三つの公園地 | ___に 岡山
86%
___町ぞ賑わしき城の石垣むしのこす 苔にむかしの忍ばれて 福山
86%
寺の名たかき___の港を窓の下に見て 汽車の眠もさめにけり 尾道
86%
___ 三原
86%
___軍港は近くして
86%
鳥居を前にながめやる___駅につきにけり 宮島
86%
___の港につきにけり | ___よりおこる九州の鉄道線路をはるばると 門司
86%
わが開港を導きし阿蘭陀船のつどいたる みなとはここぞ___ぞ 長くわするな国民よ | 千代に八千代の末かけて栄行く御代は___の 港にぎわう百千船 夜は舷灯のうつくしさ | ___ゆきのわかれ道 長崎
86%
___ 兵庫
71%
これも名物___団子 吉備
71%
霊験今にいちじるく___の国に鎮座ある 讃岐
71%
___港より汽船あり 玉島
71%
すぎて今つく___は城のかたちもそのままに 今は師団をおかれたり
日清戦争はじまりて かたじけなくも大君の 御旗を進めたまいたる 大本営のありし土地
広島
71%
いつしか過ぎて___ 厳島
71%
汽笛ならして客を待つ汽船に乘れば十五分 早くもここぞ___ 姫のまします宮どころ
海にいでたる回廊の 板を浮べてさす汐に うつ灯籠の火の影は
星か蛍か漁火か
毛利元就この島に 城をかまえて君の敵 陶晴賢を誅せしは のこす武臣の鑑なり
厳島(市杵島)
71%
___の水上にかかれる橋は算盤の 岩国川
71%
世界にその名いと高き___条約結びたる | 向の岸は___にて海上わずか二十町 | 山陽線路のおわりにて___に延ばす汽車のみち 馬関
71%
ここぞ___と人はよぶ | ___に又も立ちもどり 小倉
71%
___に詣でこん 八幡の宮
71%
織物産地と知られたる___は黒田の城のあと 博多
71%
ふたたびかえる___の駅線路を西に乗りかえて | ___の駅 鳥栖
71%
___は有馬の旧城下 久留米
71%
眠る間もなく___の町に着きたり我汽車は 九州一の大都会 人口五万四千あり 熊本
71%
九郎判官義経が敵陣めがけておとしたる ___や 鵯越
57%
まぢかく見ゆる___ 淡路島
57%
___おりて旅人の 加古川
57%
___すぐれば焼物の 播磨
57%
___へ行くは乗かえよ 津山
57%
___も見てゆかん国へ話のみやげには 後楽園
57%
畳おもての___には 備後
57%
西には___の新港内海波も静なり 宇品
57%
玉をならべし如くにて___と名づけたり 錦帯橋
57%
風に糸よる___の港にひびく産物は 柳井津
57%
甘露醤油に___縞からき浮世の塩の味 柳井
57%
少しくあとに立ちかえり___港を船出して 徳山
57%
二十里ゆけば___なる | ___の繁華の地頼山陽の筆により 豊前
57%
源平両氏の古戦場___とはこれぞかし 壇ノ浦
57%
すぎて___に至るべし | ___は 中津
57%
___線と 若松
57%
川をへだてて___の町もまぢかくつづきたり 福岡
57%
下りて見てこん名にききし___の 宰府の宮
57%
千年のむかし___をおかれしあとは此所 宮に祭れる菅公の 事跡かたらんいざ来れ
醍醐の御代の其はじめ 惜しくも人にそねまれて 身になき罪をおわせられ ついに左遷と定まりぬ 天に泣けども天言わず 地に叫べども地もきかず 涙を呑みて辺土なる ここに月日をおくりけり 身は沈めども忘れぬは 海より深き君の恩 かたみの御衣を朝毎に ささげてしぼる袂かな あわれ当時の御心を おもいまつればいかならん 御前の池に鯉を呼ぶ おとめよ子等よ旅人よ
太宰府
57%
___わかれて 宰府
57%
町の名所は___きよく池ひろし 水前寺公園
57%
南は___の川の水矢よりも早くながれたり 球磨
57%
ゆけば間もなく___の町城にはのこる玉のあと 佐賀
57%
名も___の里ならぬ旅の心やいさむらん 諫早
57%
___皆この名所の内ぞかし 一ノ谷(いちのたに)
43%
___の松の木の間より 舞子
43%
ここより支線に乗りかえてゆけば___は二時間余 生野
43%
___と 水戸
43%
___ 金沢
43%
___に参るには 金刀比羅宮
43%
武士が手に巻く___ここよりゆけば道三里 鞆の浦
43%
___ 糸崎
43%
___ 海田市
43%
___の咽首をしめてあつむる船の数 瀬戸内海
43%
___ 行橋
43%
汽車は___にて止まりたり 宇佐
43%
ゆけば___の右左 折尾
43%
おとにききたる___の松かあらぬか一むらの みどり霞みて見えたるは 八幡の神の宮ならん | この___を取りそえて 箱崎
43%
雲か霞か夕ぞらにみゆるは___の遠煙 阿蘇
43%
___の里 宇土
43%
___と聞くも心のたのしさよ 八代
43%
西は___の海雲かとみゆる山もなし 天草灘(天草洋)
43%
つかれてあびる___の湯 武雄
43%
みやげにするは___焼 有田
43%
右にわかるる___道 | 湾をしめたる___にはわが鎮守府をおかれたり 佐世保
43%
鎮西一の軍港とその名しられて___の 大村
43%
南の風をハエと読む___すぎて 南風崎
43%
夏なお寒き___のひびきをあとにして 布引の滝
29%
___ 鷹取
29%
その最期まで携えし青葉の笛は___に 今ものこりて宝物の 中にあるこそあわれなれ 須磨寺
29%
立ちよる陰は___のあらしに伝えくる 高砂の松
29%
___ 千光寺
29%
___の松原 己斐
29%
___ 五日市
29%
出船入船たえまなき商業繁華の___は 三田尻
29%
これより汽車を乗りかえて東の浜に沿いゆかば ___ 城野
29%
___を 宇島
29%
名だかくなりし___を見るには道も遠からず 耶馬渓
29%
歴史を読みて誰も知る和気清麻呂が神勅を 請いまつりたる___ あおがぬ人は世にあらじ 宇佐の宮
29%
___の道はここにて出あいたり
走る窓より打ち望む 海のけしきのおもしろさ 磯に貝ほる少女あり 沖に帆かくる小舟あり
直方
29%
かの西南の戦争にその名ひびきし___ 田原坂
29%
___は西南の役に名を得し無類の地 細川氏のかたみとて 今はおかるる六師団 熊本城
29%
国の名に負う___の見ゆるはここの海と聞く 不知火
29%
線路分るる___港出で入る船は絶えまなし 三角
29%
めぐる車輪の___より 早岐
29%
右にながむる___鯛つる舟もうかびたり 鯛ノ浦(鯛の浦)
29%
___名所旧跡かずおおし 平家の若武者敦盛が 討たれし跡もここと聞く 須磨の浦
14%
夜は___の灯台も手に取る如く影あかし 岩屋
14%
___の風景を歌によみたる人麿の 社はこれか島がくれ こぎゆく舟もおもしろや 明石の浦
14%
鐘も名だかき___ 尾上寺
14%
___を前にして煙にぎわう海士の里 仙酔島
14%
___ 浄土
14%
___ 西国
14%
北には___の公園地 饒津
14%
朝の帆影夕煙西北さしてゆく船は 鳥も飛ばぬと音にきく ___やわたるらん 玄界灘(玄界洋)
14%
ゆけば___の里すぎて 大里
14%
白雲かかる___を右にながめてなおゆけば 英彦山(彦山)
14%
三松原とよばれたるその名も___の春のいろ 千代
14%
まだ一日とおもいたる旅路は早も___ 二日市
14%
鐘の音きくと菅公の詩に作られて___ 仏も知るや千代までも つきぬ恨の世がたりは 観世音寺(観音寺)
14%
___すぎて 松橋
14%
つぎは___か 彼杵
14%
___の松ふく風ものどかにて 松原
14%
故郷のたより___とて 喜々津
14%
春日___のたのしみも 長与
14%
前は海原はてもなく外つ国までもつづくらん あとは鉄道一すじに またたくひまよ___も 青森
14%
ゆうべは月の___かしこも楽しここもよし いざ見てめぐれ汽車の友 筑紫潟
14%
満ち引く汐も___と呼ばるる此海は 早鞆の瀬戸
0%
___の跡といて昔しのぶもおもしろや 春帆楼
0%
___ 天の橋立
0%
___ 三保の浦
0%
___を 飛梅
0%
一時栄えし___のあとをたずねて分け入れば 草葉をわたる春風に なびく菫の三つ五つ 都府楼
0%
___もほどちかし 水天宮
0%
見にゆく人は___よりおりて道きけ里人に 木葉
0%
宮は紅葉の___ 錦山
0%
寺は法華の___ 本妙寺
0%
ほまれの花もさきにおう___の 花岡山
0%
___ 招魂社
0%
わたる___ 白川
0%
___ 緑川
0%
___ゆけば 川尻
0%
___の 川棚
0%
おちつく人の___や 大草
0%
___にこそつきにけれ 道ノ尾(道尾)
0%
汽車よりおりて旅人のまず見にゆくは___の山 諏訪
0%
___すぎて居留地に入ればむかしぞ忍ばるる 寺町
0%
あしたは花の___ 嵐山
0%
No matching quizzes found
Score Distribution
Percent of People with Each Score
Percentile by Number Answered
Your Score History
You have not taken this quiz